000 00644nam a2200217 i 4500
001 79095
003 ES-MaACL
005 20230906173911.0
007 t|
008 041019s1957 sp |||| | spa d
100 1 _aHémon, Louis.
_962495
245 1 3 _aEl Sr. Ripois y la Némesis /
_cpor Louis Hémon ; [versión castellana de E. Sánchez Pascual].
250 _a1ª ed.
260 _aBarcelona :
_bToray,
_c1957 (
_fEstampa)
300 _a279 p. ;
_c20 cm.
490 1 _aSemilla y viento
700 1 _aSánchez Pascual, Enrique.
_9102835
830 0 _aSemilla y viento
_9186744
852 _aES-MaACL
_jC-13719
999 _c79095
_d79095